[Event "Oberliga NRW 2122"]
[Site "Germany"]
[Date "2022.03.13"]
[Round "7.4"]
[White "Schneider, Bernd"]
[Black "Steinmetzer, Thomas"]
[Result "1/2-1/2"]
[WhiteElo "2339"]
[BlackElo "2231"]
[PlyCount "72"]
[EventDate "2021.10.31"]
[EventType "team-tourn"]
[EventRounds "9"]
[EventCountry "GER"]
[SourceTitle "EXT 2023"]
[Source "ChessBase"]
[SourceDate "2022.10.05"]
[SourceVersion "1"]
[SourceVersionDate "2022.10.05"]
[SourceQuality "1"]
[WhiteTeam "Bochum II"]
[BlackTeam "Brackel"]
[WhiteTeamCountry "GER"]
[BlackTeamCountry "GER"]

1. c4 e6 2. Nc3 d5 3. d4 c6 4. e3 Nf6 5. Nf3 Nbd7 6. b3 Bb4 7. Bd2 Qe7 8. Qc2 0-0 9. Rd1 Re8 10. cxd5 exd5 11. Bd3 Nf8 12. h3 Be6 13. 0-0 Rad8 14. Ne5 a6 15. Bxa6 bxa6 16. Nxc6 Qb7 17. Nxd8 Rxd8 18. Na4 Rc8 19. Qd3 Bd6 20. Rc1 Ne4 21. Rxc8 Qxc8 22. Rc1 Qd8 23. Nc5 Bxc5 24. dxc5 Qg5 25. f4 Qg6 26. Be1 Bxh3 27. Qf1 Bd7 28. c6 Bc8 29. Bb4 h5 30. Bxf8 Kxf8 31. Qe1 Qg4 32. Qd1 Qg3 33. Qf3 Qg6 34. Qd1 Qg3 35. Qf3 Qg6 36. Qd1 Qg3 1/2-1/2

[Event "Oberliga NRW 2122"]
[Site "Germany"]
[Date "2021.12.12"]
[Round "3.4"]
[White "Wessendorf, Thomas"]
[Black "Steinmetzer, Thomas"]
[Result "1-0"]
[WhiteElo "2247"]
[BlackElo "2241"]
[PlyCount "78"]
[EventDate "2021.10.31"]
[EventType "team-tourn"]
[EventRounds "9"]
[EventCountry "GER"]
[SourceTitle "EXT 2023"]
[Source "ChessBase"]
[SourceDate "2022.10.05"]
[SourceVersion "1"]
[SourceVersionDate "2022.10.05"]
[SourceQuality "1"]
[WhiteTeam "Essen Katernberg"]
[BlackTeam "Brackel"]
[WhiteTeamCountry "GER"]
[BlackTeamCountry "GER"]

1. e4 e5 2. Nf3 Nc6 3. Bb5 a6 4. Ba4 d6 5. 0-0 Bd7 6. c3 g6 7. d4 Bg7 8. Re1 h6 9. Be3 Nge7 10. Nbd2 0-0 11. dxe5 dxe5 12. Bc5 b6 13. Ba3 Na7 14. Bxd7 Qxd7 15. Nc4 Qe6 16. Qb3 Nb5 17. Ncxe5 Nxa3 18. Qxe6 fxe6 19. bxa3 Rxf3 20. Nxf3 Bxc3 21. Rac1 Bxe1 22. Rxc7 Rc8 23. Rxc8+ Nxc8 24. Nxe1 Nd6 25. f3 Nb5 26. Nc2 Nc3 27. Kf2 Nxa2 28. Ke3 Nc3 29. Kd3 Nb5 30. a4 Nc7 31. Kd4 Kf7 32. Ne3 Kf6 33. Ng4+ Kg5 34. g3 Ne8 35. Ke5 b5 36. a5 Kh5 37. Ne3 g5 38. Nc2 Kg6 39. Nb4 h5 1-0

[Event "Oberliga NRW 2122"]
[Site "Germany"]
[Date "2021.10.31"]
[Round "1.5"]
[White "Patscha, Elias"]
[Black "Steinmetzer, Thomas"]
[Result "0-1"]
[WhiteElo "2177"]
[BlackElo "2234"]
[PlyCount "90"]
[EventDate "2021.10.31"]
[EventType "team-tourn"]
[EventRounds "9"]
[EventCountry "GER"]
[SourceTitle "EXT 2023"]
[Source "ChessBase"]
[SourceDate "2022.10.05"]
[SourceVersion "1"]
[SourceVersionDate "2022.10.05"]
[SourceQuality "1"]
[WhiteTeam "Bahn Wuppertal"]
[BlackTeam "Brackel"]
[WhiteTeamCountry "GER"]
[BlackTeamCountry "GER"]

1. d4 d5 2. c4 e6 3. Nc3 c6 4. cxd5 exd5 5. Bf4 Bd6 6. Bxd6 Qxd6 7. e3 Nf6 8. Bd3 0-0 9. Nge2 Re8 10. Qc2 Nbd7 11. 0-0 Ng4 12. Ng3 h5 13. Rfe1 Ndf6 14. Nf1 Be6 15. f3 Nh6 16. Rab1 Re7 17. b4 Rc8 18. Na4 b6 19. a3 Kh8 20. Ng3 g6 21. Qf2 Rd7 22. Qc2 Kg7 23. Rec1 h4 24. Ne2 Nf5 25. Qd2 Re7 26. Nb2 Rce8 27. Re1 Bd7 28. Nd1 Nxe3 29. Nxe3 Rxe3 30. Be4 Rxe2 31. Rxe2 dxe4 32. fxe4 Nxe4 33. Qb2 Qd5 34. h3 Rd8 35. Rd1 Bf5 36. Rc2 Ng3 37. Rc5 bxc5 38. dxc5+ f6 39. Rxd5 Rxd5 40. b5 Rd1+ 41. Kf2 Rd2+ 42. Qxd2 Ne4+ 43. Ke2 Nxd2 44. b6 axb6 45. cxb6 Bc8 0-1

[Event "NRW Class1 1718"]
[Site "Germany"]
[Date "2018.04.29"]
[Round "9.3"]
[White "Steinmetzer, Thomas"]
[Black "Reinke, Markus"]
[Result "0-1"]
[WhiteElo "2198"]
[BlackElo "2152"]
[PlyCount "80"]
[EventDate "2017.09.17"]
[EventType "team-tourn"]
[EventRounds "9"]
[EventCountry "GER"]
[SourceTitle "EXT 2019"]
[Source "ChessBase"]
[SourceDate "2018.10.10"]
[SourceVersion "1"]
[SourceVersionDate "2018.10.10"]
[SourceQuality "1"]
[WhiteTeam "Brackel"]
[BlackTeam "Duesseldorf II"]
[WhiteTeamCountry "GER"]
[BlackTeamCountry "GER"]

1. e4 d5 2. exd5 Nf6 3. d4 Bg4 4. f3 Bf5 5. Bb5+ Nbd7 6. c4 e6 7. dxe6 Bxe6 8. Ne2 c6 9. d5 Bxd5 10. cxd5 cxb5 11. Qd3 Bc5 12. Nbc3 0-0 13. Qxb5 Ne5 14. Bg5 a6 15. Qb3 Nd3+ 16. Kd2 Nf2 17. Rhf1 N6e4+ 18. Nxe4 Nxe4+ 19. fxe4 Qxg5+ 20. Nf4 Rfe8 21. Rae1 Rac8 22. g3 Bd6 23. Kd1 b5 24. Qf3 Rc7 25. Nd3 Rec8 26. Rf2 f6 27. Ke2 Re8 28. Kf1 Rce7 29. Nf4 Bb4 30. Qb3 Bxe1 31. d6+ Rf7 32. d7 Ref8 33. Kxe1 Qc5 34. Ne6 Qc1+ 35. Ke2 Rxd7 36. Nxf8+ Kxf8 37. Qb4+ Ke8 38. Rf1 Qc2+ 39. Kf3 Rd3+ 40. Kf4 Qc7+ 0-1

[Event "NRW Class1 1718"]
[Site "Germany"]
[Date "2018.04.08"]
[Round "8.3"]
[White "Bussard, Christian"]
[Black "Steinmetzer, Thomas"]
[Result "1-0"]
[WhiteElo "2203"]
[BlackElo "2198"]
[PlyCount "103"]
[EventDate "2017.09.17"]
[EventType "team-tourn"]
[EventRounds "9"]
[EventCountry "GER"]
[SourceTitle "EXT 2019"]
[Source "ChessBase"]
[SourceDate "2018.10.10"]
[SourceVersion "1"]
[SourceVersionDate "2018.10.10"]
[SourceQuality "1"]
[WhiteTeam "Niederkassel"]
[BlackTeam "Brackel"]
[WhiteTeamCountry "GER"]
[BlackTeamCountry "GER"]

1. d4 d6 2. c4 e5 3. e3 Nc6 4. Nc3 f5 5. b3 Nf6 6. Bb2 Be7 7. Nf3 e4 8. Nd2 0-0 9. Be2 a6 10. a3 Qe8 11. Qc2 Qg6 12. g3 Bd7 13. 0-0-0 Rae8 14. h3 Bd8 15. Rdg1 Qh6 16. g4 Qh4 17. g5 Nh5 18. Nd5 Bxg5 19. Nxc7 Rc8 20. Nd5 Nf6 21. Nb6 Rc7 22. Rg2 Ne7 23. Kb1 Be6 24. Qd1 f4 25. Bg4 Bf7 26. Qg1 Bh6 27. Bd1 Rc6 28. Na4 d5 29. Nc5 Rc7 30. Ka2 Kh8 31. cxd5 Bxd5 32. Bg4 fxe3 33. fxe3 Nxg4 34. Rxg4 Qf2 35. Ndxe4 Qxe3 36. Qxe3 Bxe3 37. Re1 Rf3 38. Ng5 h5 39. Nxf3 hxg4 40. hxg4 Bxf3 41. Rxe3 Bxg4 42. Re5 Kg8 43. d5 Nf5 44. Ne6 Rd7 45. a4 g6 46. Nc5 Rc7 47. Ne4 Kf7 48. Ng5+ Kf6 49. d6 Rg7 50. Rc5+ Kxg5 51. Bxg7 Kh4 52. Bf6+ 1-0

[Event "NRW Class1 1718"]
[Site "Germany"]
[Date "2018.02.18"]
[Round "6.4"]
[White "Steinmetzer, Thomas"]
[Black "Messarius, Juergen"]
[Result "0-1"]
[WhiteElo "2198"]
[BlackElo "2146"]
[PlyCount "74"]
[EventDate "2017.09.17"]
[EventType "team-tourn"]
[EventRounds "9"]
[EventCountry "GER"]
[SourceTitle "EXT 2019"]
[Source "ChessBase"]
[SourceDate "2018.10.10"]
[SourceVersion "1"]
[SourceVersionDate "2018.10.10"]
[SourceQuality "1"]
[WhiteTeam "Brackel"]
[BlackTeam "Iserlohn Koenigsspringer"]
[WhiteTeamCountry "GER"]
[BlackTeamCountry "GER"]

1. e4 c5 2. Nf3 Nc6 3. d4 cxd4 4. Nxd4 Nf6 5. Nc3 e5 6. Ndb5 d6 7. Nd5 Nxd5 8. exd5 Nb8 9. c4 Be7 10. Bd3 0-0 11. 0-0 f5 12. f3 a6 13. Nc3 Nd7 14. Be3 Nc5 15. Bc2 a5 16. a3 Bf6 17. b4 axb4 18. axb4 Rxa1 19. Qxa1 Na6 20. Qa3 Bg5 21. Bf2 Qf6 22. c5 Rd8 23. Rd1 Qh6 24. Qa5 Rf8 25. Nb5 e4 26. fxe4 Be3 27. Qa3 Bxf2+ 28. Kxf2 Qxh2 29. e5 f4 30. Be4 f3 31. Bxf3 Bh3 32. Rg1 Bg4 33. Kf1 Rxf3+ 34. gxf3 Bh3+ 35. Ke1 Qxg1+ 36. Kd2 Qf2+ 37. Kc1 Qf1+ 0-1

[Event "Ruhrgebiet Regionalliga 1617"]
[Site "Germany"]
[Date "2017.01.15"]
[Round "5.3"]
[White "Steinmetzer, Thomas"]
[Black "Schlaap, Ralf"]
[Result "1-0"]
[WhiteElo "2194"]
[BlackElo "2092"]
[PlyCount "137"]
[EventDate "2016.09.11"]
[EventType "team-tourn"]
[EventRounds "9"]
[EventCountry "GER"]
[SourceTitle "EXT 2022"]
[Source "ChessBase"]
[SourceDate "2021.10.06"]
[SourceVersion "1"]
[SourceVersionDate "2021.10.06"]
[SourceQuality "1"]
[WhiteTeam "Brackel SF"]
[BlackTeam "Hamm SV"]
[WhiteTeamCountry "GER"]
[BlackTeamCountry "GER"]

1. e4 c6 2. Nc3 d5 3. Nf3 Bg4 4. h3 Bxf3 5. Qxf3 e6 6. b3 Nd7 7. Bb2 Qa5 8. Qg3 h5 9. h4 Ngf6 10. exd5 cxd5 11. Bb5 0-0-0 12. a3 Qc7 13. Qxc7+ Kxc7 14. d4 Be7 15. f3 Kb8 16. Kf2 Rc8 17. Bd3 Rc6 18. Ne2 Rhc8 19. Rhe1 g6 20. g3 a6 21. Nf4 Bd8 22. Re2 Ba5 23. Nh3 Ne8 24. Ng5 Nd6 25. Kg2 Bd8 26. Bc1 Bxg5 27. hxg5 Ka7 28. Bb2 b5 29. Rf2 Kb6 30. Ra2 a5 31. a4 b4 32. Ra1 Nf8 33. Rh1 Nf5 34. Re2 R8c7 35. g4 hxg4 36. fxg4 Nd6 37. Rh8 Nd7 38. Bc1 Ne4 39. Bf4 Rc8 40. Rh7 Rf8 41. Bb5 Nc3 42. Bxc6 Nxe2 43. Bxd7 Nxf4+ 44. Kf3 Kc7 45. Be8 Kd6 46. Rxf7 Rxf7 47. Bxf7 e5 48. dxe5+ Kxe5 49. Be8 d4 50. Bf7 Nh3 51. Bxg6 Nxg5+ 52. Ke2 Ne6 53. Bf5 Nf4+ 54. Kf3 Nh3 55. Kg3 Ng5 56. Kh4 Kf6 57. Kh5 Nf7 58. Bd3 Ng5 59. Ba6 Nf7 60. Bc8 Ng5 61. Kh4 Nf7 62. Kg3 Ke5 63. Kf3 Ng5+ 64. Ke2 Ne4 65. Kd3 Nd6 66. Bd7 Nf7 67. Kc4 Ke4 68. Bf5+ Ke5 69. Kb5 1-0

[Event "Ruhrgebiet Regionalliga 1516"]
[Site "Germany"]
[Date "2015.12.06"]
[Round "4.4"]
[White "Hochstein, Udo"]
[Black "Steinmetzer, Thomas"]
[Result "0-1"]
[WhiteElo "1920"]
[BlackElo "2161"]
[PlyCount "90"]
[EventDate "2015.09.13"]
[EventType "team-tourn"]
[EventRounds "9"]
[EventCountry "GER"]
[SourceTitle "EXT 2022"]
[Source "ChessBase"]
[SourceDate "2021.10.06"]
[SourceVersion "1"]
[SourceVersionDate "2021.10.06"]
[SourceQuality "1"]
[WhiteTeam "Bochum-Linden"]
[BlackTeam "Brackel SF"]
[WhiteTeamCountry "GER"]
[BlackTeamCountry "GER"]

1. d4 d5 2. c4 e6 3. Nc3 c6 4. Nf3 Nf6 5. Bg5 h6 6. Bh4 dxc4 7. e4 g5 8. Bg3 b5 9. Ne5 Bb7 10. f3 a6 11. h4 Rg8 12. hxg5 hxg5 13. Bf2 Nbd7 14. Nxd7 Qxd7 15. Qc2 0-0-0 16. 0-0-0 Qc7 17. Be2 c5 18. Kb1 cxd4 19. Bxd4 e5 20. Be3 Rxd1+ 21. Rxd1 Bc5 22. Qd2 Bxe3 23. Qxe3 Kb8 24. Rd2 Nd7 25. Nd5 Bxd5 26. exd5 Qb6 27. Qe4 Qg6 28. Bd1 Nc5 29. Qxg6 Rxg6 30. Bc2 Rd6 31. Be4 Kc7 32. Kc2 Rh6 33. Kc3 Kd6 34. b3 cxb3 35. axb3 Rh4 36. Re2 a5 37. g4 Rh3 38. Kc2 f6 39. Re1 Rg3 40. Ra1 Rg2+ 41. Kc3 b4+ 42. Kc4 Rd2 43. Rxa5 Rd4+ 44. Kb5 Nxe4 45. fxe4 Rxe4 0-1

[Event "Dortmund Sparkassen op-A"]
[Site "Dortmund"]
[Date "2015.07.03"]
[Round "7"]
[White "Colpe, Malte"]
[Black "Steinmetzer, Thomas"]
[Result "1-0"]
[WhiteElo "2367"]
[BlackElo "2187"]
[PlyCount "95"]
[EventDate "2015.06.27"]
[EventType "swiss"]
[EventRounds "9"]
[EventCountry "GER"]
[SourceTitle "CBM 167 Extra"]
[Source "ChessBase"]
[SourceDate "2015.09.14"]
[SourceVersion "1"]
[SourceVersionDate "2015.09.14"]
[SourceQuality "1"]

1. d4 d5 2. c4 e6 3. Nc3 Nf6 4. cxd5 exd5 5. Bg5 Nbd7 6. Qc2 Be7 7. e3 0-0 8. Bd3 b6 9. Nf3 Bb7 10. 0-0 a6 11. Rad1 h6 12. Bf4 Nh5 13. Be5 Re8 14. h3 Bd6 15. Bxd6 cxd6 16. Qb3 Nhf6 17. Bf5 Re7 18. Rfe1 g6 19. Bd3 Kg7 20. Nd2 Qe8 21. Nf1 Re6 22. Ng3 Qe7 23. Nge2 Qd8 24. Nf4 Re7 25. Nfxd5 Nxd5 26. Nxd5 Bxd5 27. Qxd5 Nf6 28. Qb3 d5 29. Rc1 Qd6 30. Rc3 Re6 31. Rec1 Ra7 32. Qa3 Qd7 33. Rc8 Ne8 34. Qc3 Nd6 35. Rc6 Nc4 36. Rxe6 Qxe6 37. b3 Na5 38. Qc8 Qe7 39. Bxa6 Qa3 40. Bf1 Qxa2 41. Qd8 Nc4 42. bxc4 Qd2 43. Rb1 Ra2 44. Qh4 g5 45. Qg3 Qc2 46. Rxb6 Ra1 47. Qe5+ Kh7 48. g4 1-0

[Event "Ruhrgebiet Regionalliga 1213"]
[Site "Nordrheinwestfalen"]
[Date "2013.05.05"]
[Round "9.4"]
[White "Matzat, Andre"]
[Black "Steinmetzer, Thomas"]
[Result "0-1"]
[WhiteElo "2017"]
[BlackElo "2079"]
[PlyCount "56"]
[EventDate "2012.09.09"]
[EventType "team-tourn"]
[EventRounds "9"]
[EventCountry "GER"]
[SourceTitle "EXT 2020"]
[Source "ChessBase"]
[SourceDate "2019.10.17"]
[SourceVersion "1"]
[SourceVersionDate "2019.10.17"]
[SourceQuality "1"]
[WhiteTeam "Weisse Dame Borbeck"]
[BlackTeam "Brackel SF"]
[WhiteTeamCountry "GER"]
[BlackTeamCountry "GER"]

1. d4 d5 2. Bf4 e6 3. e3 Bd6 4. Bxd6 Qxd6 5. Qg4 Ne7 6. Qxg7 Rg8 7. Qxh7 Qb4+ 8. Nd2 Qxb2 9. Rb1 Qxa2 10. Ngf3 Nd7 11. Bd3 Rxg2 12. h4 Nf8 13. Qh5 Rg8 14. Ne5 Neg6 15. Bxg6 fxg6 16. Qf3 Rg7 17. Qf6 Rh7 18. Nxg6 Rf7 19. Qh8 Qxc2 20. Rg1 Qf5 21. f4 b6 22. Rg5 Qh3 23. Kf2 Ba6 24. Qg8 Rf6 25. Qg7 Rxg6 26. Rxg6 Bd3 27. Rf6 Qh2+ 28. Qg2 Qxh4+ 0-1

[Event "Dortmund Sparkassen op-A"]
[Site "Dortmund"]
[Date "2012.07.21"]
[Round "8"]
[White "Steinmetzer, Thomas"]
[Black "Ciornei, Dragos"]
[Result "1/2-1/2"]
[WhiteElo "2114"]
[BlackElo "2182"]
[PlyCount "56"]
[EventDate "2012.07.14"]
[EventType "swiss"]
[EventRounds "9"]
[EventCountry "GER"]
[SourceTitle "CBM 149 Extra"]
[Source "ChessBase"]
[SourceDate "2012.08.24"]
[SourceVersion "1"]
[SourceVersionDate "2012.08.24"]
[SourceQuality "1"]

1. e4 e5 2. Nf3 Nc6 3. Bb5 a6 4. Ba4 Nf6 5. d3 b5 6. Bb3 Bc5 7. 0-0 d6 8. a4 b4 9. a5 0-0 10. c3 bxc3 11. bxc3 Be6 12. Bxe6 fxe6 13. d4 exd4 14. cxd4 Ba7 15. d5 exd5 16. exd5 Ne5 17. Nxe5 dxe5 18. Ba3 Rf7 19. Nc3 Bd4 20. Rc1 Nxd5 21. Ne2 Nf4 22. Nxf4 Rxf4 23. Qb3+ Kh8 24. Qb7 Ra7 25. Qc6 Rf6 26. Qe4 Rf4 27. Qc6 Rf6 28. Qe4 Rf4 1/2-1/2

[Event "Dortmund Sparkassen op-A"]
[Site "Dortmund"]
[Date "2012.07.20"]
[Round "7"]
[White "Pedersen, Lars Wisler"]
[Black "Steinmetzer, Thomas"]
[Result "0-1"]
[WhiteElo "1853"]
[BlackElo "2114"]
[PlyCount "44"]
[EventDate "2012.07.14"]
[EventType "swiss"]
[EventRounds "9"]
[EventCountry "GER"]
[SourceTitle "CBM 149 Extra"]
[Source "ChessBase"]
[SourceDate "2012.08.24"]
[SourceVersion "1"]
[SourceVersionDate "2012.08.24"]
[SourceQuality "1"]

1. e4 e5 2. Nf3 Nc6 3. d4 exd4 4. Nxd4 Bc5 5. Be3 Qf6 6. c3 Nge7 7. Bc4 Ne5 8. Be2 d6 9. 0-0 Qg6 10. Nd2 Ng4 11. Kh1 Nxe3 12. fxe3 0-0 13. b4 Bb6 14. a4 a5 15. b5 f5 16. Bc4+ Kh8 17. exf5 Bxf5 18. Qf3 Rf6 19. Nxf5 Nxf5 20. Qxb7 Ng3+ 21. hxg3 Qh6+ 22. Kg1 Qxe3+ 0-1

[Event "Dortmund Sparkassen op-A"]
[Site "Dortmund"]
[Date "2012.07.19"]
[Round "6"]
[White "Steinmetzer, Thomas"]
[Black "Zolfagharian, Kevin"]
[Result "1-0"]
[WhiteElo "2114"]
[BlackElo "1948"]
[PlyCount "85"]
[EventDate "2012.07.14"]
[EventType "swiss"]
[EventRounds "9"]
[EventCountry "GER"]
[SourceTitle "CBM 149 Extra"]
[Source "ChessBase"]
[SourceDate "2012.08.24"]
[SourceVersion "1"]
[SourceVersionDate "2012.08.24"]
[SourceQuality "1"]

1. e4 c5 2. Nf3 Nc6 3. d4 cxd4 4. Nxd4 Nf6 5. Nc3 d6 6. Be2 e5 7. Nb3 Be7 8. Be3 Be6 9. f3 0-0 10. Nd5 a5 11. Bb6 Qd7 12. Bb5 Bd8 13. Be3 a4 14. Nc1 Ba5+ 15. c3 Qd8 16. Nxf6+ Qxf6 17. 0-0 a3 18. b4 Bc7 19. Qd2 Qg6 20. Ne2 f5 21. exf5 Bxf5 22. Ng3 Ne7 23. Nxf5 Qxf5 24. Bc4+ Kh8 25. Rfd1 d5 26. Bxd5 Rad8 27. c4 e4 28. fxe4 Qe5 29. g3 Nxd5 30. exd5 Qh5 31. Rf1 Rfe8 32. Rae1 b5 33. Bg5 Rxe1 34. Rxe1 Rd7 35. Qe2 Qxe2 36. Rxe2 h6 37. Re7 Rd8 38. Rxc7 hxg5 39. Rc5 bxc4 40. Kf2 Kg8 41. Ke3 Kf7 42. Kd4 Rh8 43. Ra5 1-0

[Event "Dortmund Sparkassen op-A"]
[Site "Dortmund"]
[Date "2012.07.17"]
[Round "4"]
[White "Steinmetzer, Thomas"]
[Black "Torres Kuckel, Rafael"]
[Result "0-1"]
[WhiteElo "2114"]
[BlackElo "2306"]
[PlyCount "82"]
[EventDate "2012.07.14"]
[EventType "swiss"]
[EventRounds "9"]
[EventCountry "GER"]
[SourceTitle "CBM 149 Extra"]
[Source "ChessBase"]
[SourceDate "2012.08.24"]
[SourceVersion "1"]
[SourceVersionDate "2012.08.24"]
[SourceQuality "1"]

1. e4 c5 2. Nf3 e6 3. d4 cxd4 4. Nxd4 a6 5. g3 Qc7 6. Bg2 Nf6 7. 0-0 Be7 8. Be3 d6 9. c4 Nbd7 10. f4 h5 11. h3 Qxc4 12. Nd2 Qc7 13. Rc1 Qd8 14. b4 g6 15. Qb3 e5 16. N4f3 0-0 17. f5 gxf5 18. Bh6 Nh7 19. exf5 Re8 20. Ne4 d5 21. Qxd5 Qb6+ 22. Kh2 Qxh6 23. Rxc8 Raxc8 24. Qxd7 Nf6 25. Qxb7 Rb8 26. Nxf6+ Qxf6 27. Qd5 Bxb4 28. h4 Rbd8 29. Qb3 Bd2 30. Rf2 Bh6 31. Ne1 e4 32. Rc2 Qxf5 33. Qb6 Bd2 34. Bh3 Qb5 35. Qf2 e3 36. Qg1 Qe2+ 37. Ng2 Qd3 38. Rc5 e2 39. Nf4 e1Q 40. Rg5+ Kf8 41. Qc5+ Qd6 0-1

[Event "Ruhrgebiet Regionalliga 1112"]
[Site "Nordrheinwestfalen"]
[Date "2012.05.06"]
[Round "9.2"]
[White "Steinmetzer, Thomas"]
[Black "De Vreugt, Dennis"]
[Result "0-1"]
[WhiteElo "2073"]
[BlackElo "2369"]
[PlyCount "78"]
[EventDate "2011.09.25"]
[EventType "team-tourn"]
[EventRounds "9"]
[EventCountry "GER"]
[SourceTitle "EXT 2020"]
[Source "ChessBase"]
[SourceDate "2019.10.17"]
[SourceVersion "1"]
[SourceVersionDate "2019.10.17"]
[SourceQuality "1"]
[WhiteTeam "Brackel SF"]
[BlackTeam "Hattingen"]
[WhiteTeamCountry "GER"]
[BlackTeamCountry "GER"]

1. e4 e5 2. Nf3 Nc6 3. Bb5 a6 4. Bxc6 dxc6 5. d4 exd4 6. Qxd4 Qxd4 7. Nxd4 Bd7 8. Be3 0-0-0 9. Nd2 g6 10. 0-0-0 Bg7 11. Nc4 Re8 12. Nd2 b6 13. b4 Bf8 14. c3 Nf6 15. f3 c5 16. Bg5 Ng8 17. bxc5 Bxc5 18. Rhe1 h6 19. Bh4 g5 20. Bg3 Nf6 21. N2b3 Ba3+ 22. Kb1 Nh5 23. Nc2 Bf8 24. Bf2 Nf4 25. Bd4 Rg8 26. g3 Ng6 27. Ne3 Ne5 28. Bxe5 Rxe5 29. Rxd7 Kxd7 30. Ng4 Re6 31. Nd4 Rd6 32. e5 Rdg6 33. e6+ fxe6 34. Ne5+ Ke7 35. Nxg6+ Rxg6 36. f4 gxf4 37. gxf4 Kf7 38. Re2 Rf6 39. Kc2 Bd6 0-1

[Event "Ruhrgebiet Regionalliga 1112"]
[Site "Nordrheinwestfalen"]
[Date "2011.11.06"]
[Round "3.4"]
[White "Steinmetzer, Thomas"]
[Black "Bartel, Mario"]
[Result "1-0"]
[WhiteElo "2073"]
[BlackElo "2052"]
[PlyCount "49"]
[EventDate "2011.09.25"]
[EventType "team-tourn"]
[EventRounds "9"]
[EventCountry "GER"]
[SourceTitle "EXT 2020"]
[Source "ChessBase"]
[SourceDate "2019.10.17"]
[SourceVersion "1"]
[SourceVersionDate "2019.10.17"]
[SourceQuality "1"]
[WhiteTeam "Brackel SF"]
[BlackTeam "Wattenscheid SV III"]
[WhiteTeamCountry "GER"]
[BlackTeamCountry "GER"]

1. e4 e5 2. Nf3 Nc6 3. Bb5 a6 4. Ba4 Nf6 5. 0-0 Nxe4 6. d4 b5 7. Bb3 d5 8. dxe5 Be6 9. c3 Be7 10. Be3 Qd7 11. Nbd2 Rd8 12. Bc2 Nxd2 13. Qxd2 Bg4 14. Bd4 Bxf3 15. gxf3 Qh3 16. Qe3 0-0 17. Kh1 f6 18. f4 Qxe3 19. fxe3 fxe5 20. fxe5 g6 21. Kg2 Rxf1 22. Rxf1 Nb8 23. b4 c6 24. e6 Re8 25. Be5 1-0

[Event "Dortmund Sparkassen op-A"]
[Site "Dortmund"]
[Date "2011.07.31"]
[Round "9"]
[White "Ciornei, Dragos"]
[Black "Steinmetzer, Thomas"]
[Result "1/2-1/2"]
[WhiteElo "2182"]
[BlackElo "2083"]
[PlyCount "80"]
[EventDate "2011.07.23"]
[EventType "swiss"]
[EventRounds "9"]
[EventCountry "GER"]
[SourceTitle "CBM 143 Extra"]
[Source "ChessBase"]
[SourceDate "2011.08.29"]
[SourceVersion "1"]
[SourceVersionDate "2011.08.29"]
[SourceQuality "1"]

1. e4 e5 2. Nf3 Nc6 3. d4 exd4 4. Bc4 Nf6 5. 0-0 Nxe4 6. Re1 d5 7. Bxd5 Qxd5 8. Nc3 Qh5 9. Nxe4 Be6 10. Bg5 Bd6 11. Nxd6+ cxd6 12. Bf4 0-0 13. Nxd4 Qxd1 14. Raxd1 Nxd4 15. Rxd4 Rfc8 16. c3 d5 17. a4 Rc4 18. Rxc4 dxc4 19. Rd1 Kf8 20. a5 Ke8 21. Be3 Rd8 22. Rxd8+ Kxd8 23. Bxa7 Kd7 24. Bc5 Kc6 25. Bf8 g6 26. f3 h5 27. Kf2 Kb5 28. Kg3 Kc6 29. Kh4 Bd5 30. Kg5 Kd7 31. Kf4 Ke6 32. h4 Bc6 33. Ke3 Kd5 34. Bg7 Ba4 35. Kf4 Bd1 36. Bf8 Be2 37. g4 Bd1 38. gxh5 gxh5 39. Kg5 Bxf3 40. Kf6 Kc6 1/2-1/2

[Event "Dortmund Sparkassen op-A"]
[Site "Dortmund"]
[Date "2011.07.29"]
[Round "7"]
[White "Steinmetzer, Thomas"]
[Black "Schiefelbusch, Dirk"]
[Result "1-0"]
[WhiteElo "2083"]
[BlackElo "2128"]
[PlyCount "120"]
[EventDate "2011.07.23"]
[EventType "swiss"]
[EventRounds "9"]
[EventCountry "GER"]
[SourceTitle "CBM 143 Extra"]
[Source "ChessBase"]
[SourceDate "2011.08.29"]
[SourceVersion "1"]
[SourceVersionDate "2011.08.29"]
[SourceQuality "1"]

1. e4 c6 2. d4 d5 3. e5 Bf5 4. Nf3 e6 5. Be2 Nd7 6. 0-0 Ne7 7. b3 Ng6 8. c4 Be7 9. Be3 0-0 10. Nc3 dxc4 11. bxc4 c5 12. Qb3 cxd4 13. Bxd4 Qa5 14. Qxb7 Nc5 15. Qb5 Qc7 16. Bxc5 Bxc5 17. Na4 Be7 18. c5 Nxe5 19. Nxe5 Qxe5 20. Bf3 Rac8 21. Rfe1 Qf4 22. Rac1 Rc7 23. Re3 Rfc8 24. Rc4 Qh6 25. c6 Bd6 26. g3 Qf6 27. Kg2 h6 28. Nc3 Qd8 29. Qa4 Qf8 30. Nb5 Bc5 31. Rec3 Bb6 32. Nxc7 Rxc7 33. Qb4 Qd8 34. Rc1 Qd3 35. Rd1 Bh3+ 36. Kxh3 Qxf3 37. Rd8+ Kh7 38. Qf8 h5 39. Rf4 Qe2 40. Rd7 Rxc6 41. Rdxf7 Qf1+ 42. Kh4 Qa1 43. Rxg7+ Qxg7 44. Rf7 Bd4 45. Rxg7+ Bxg7 46. Qe8 Bf6+ 47. Kh3 Ra6 48. Qf7+ Bg7 49. Qxh5+ Kg8 50. a4 Rd6 51. Qc5 Bf8 52. Qxa7 Rd5 53. a5 Bc5 54. Qb8+ Kf7 55. f4 Rh5+ 56. Kg2 Rd5 57. a6 Rd7 58. Qc8 Rd5 59. a7 Bxa7 60. Qb7+ Kf6 1-0

[Event "Dortmund Sparkassen op-A"]
[Site "Dortmund"]
[Date "2011.07.27"]
[Round "5"]
[White "Steinle, Carsten"]
[Black "Steinmetzer, Thomas"]
[Result "0-1"]
[WhiteElo "2146"]
[BlackElo "2083"]
[PlyCount "55"]
[EventDate "2011.07.23"]
[EventType "swiss"]
[EventRounds "9"]
[EventCountry "GER"]
[SourceTitle "CBM 143 Extra"]
[Source "ChessBase"]
[SourceDate "2011.08.29"]
[SourceVersion "1"]
[SourceVersionDate "2011.08.29"]
[SourceQuality "1"]

1. d4 d5 2. Nf3 Nf6 3. Bf4 c5 4. c3 cxd4 5. cxd4 Qb6 6. Qb3 Qxb3 7. axb3 Nc6 8. Nc3 Bf5 9. e3 Nb4 10. Bb5+ Kd8 11. 0-0 a6 12. Ne5 Bg6 13. Rfc1 Rc8 14. Be2 b5 15. Bxb5 axb5 16. Nxb5 Rxc1+ 17. Rxc1 Nd7 18. Nxg6 fxg6 19. Bc7+ Ke8 20. Ba5 Na6 21. Rc8+ Kf7 22. Ra8 Nab8 23. Bc7 e6 24. Na7 Be7 25. Nc6 Rc8 26. Ne5+ Nxe5 27. dxe5 Rxc7 28. f4 0-1

[Event "Dortmund Sparkassen op-A"]
[Site "Dortmund"]
[Date "2011.07.24"]
[Round "2"]
[White "Eckert, Marius"]
[Black "Steinmetzer, Thomas"]
[Result "1/2-1/2"]
[WhiteElo "1894"]
[BlackElo "2083"]
[PlyCount "72"]
[EventDate "2011.07.23"]
[EventType "swiss"]
[EventRounds "9"]
[EventCountry "GER"]
[SourceTitle "CBM 143 Extra"]
[Source "ChessBase"]
[SourceDate "2011.08.29"]
[SourceVersion "1"]
[SourceVersionDate "2011.08.29"]
[SourceQuality "1"]

1. e4 e5 2. Nf3 Nc6 3. Bc4 Nf6 4. d4 exd4 5. 0-0 Nxe4 6. Re1 d5 7. Bxd5 Qxd5 8. Nc3 Qh5 9. Nxe4 Be6 10. Nxd4 Qxd1 11. Rxd1 Nxd4 12. Rxd4 Be7 13. Bf4 0-0 14. Rad1 h6 15. R4d2 Rfc8 16. Be3 b6 17. a3 Rd8 18. Rxd8+ Rxd8 19. Rxd8+ Bxd8 20. c3 g5 21. f4 f5 22. Nd2 c5 23. Kf2 g4 24. g3 Bf6 25. Ke2 Kf7 26. Kd3 Bd5 27. b4 Be7 28. bxc5 bxc5 29. c4 Bg2 30. Ke2 a5 31. Nb3 a4 32. Nxc5 Bxc5 33. Bxc5 Ke6 34. Ke3 Kd7 35. Kd4 Kc6 36. Bb4 Be4 1/2-1/2